Missing Word: Movie Words Ending in 'R' Quiz Stats

 Plays Quiz Updated Dec 12, 2016

Challenge
Share
Tweet
Embed
Score 0/20 Timer 03:00
0 Plays Today
Hint Missing Word % Correct
_____ Wars: Episode IV - A New HopeStar
98%
Blade _____ Runner
96.9%
_____ Weddings and a FuneralFour
96.7%
The _____ Witch ProjectBlair
96.2%
_____ of the WorldsWar
96%
_____ ActSister
93.9%
_____ of the BrideFather
92.5%
_____ 2: Judgment DayTerminator
91.7%
A _____ Runs Through ItRiver
91.2%
_____ Linings PlaybookSilver
90.9%
Hint Missing Word % Correct
Coal Miner's _____Daughter
88.2%
Harry Potter and the _____ of SecretsChamber
87.8%
Jacob's _____Ladder
85.1%
The Wedding _____Singer
85%
The _____ HunterDeer
83.9%
_____ for ElephantsWater
83.6%
28 Days _____...Later
82.5%
_____ WindowRear
82.4%
The _____ House RulesCider
81%
_____ DogsReservoir
78.2%

Today's Daily Dose

Missing Word
No Snow!

Word Ladder
Wild Cats

On This Day
December 16th II

You're not logged in!

Compare scores with friends on all Sporcle quizzes.
OR
Log In

You Might Also Like...

Show Comments

Extras

Top Quizzes Today


Score Distribution

Your Account Isn't Verified!

In order to create a playlist on Sporcle, you need to verify the email address you used during registration. Go to your Sporcle Settings to finish the process.

Report this User

Report this user for behavior that violates our Community Guidelines.

Details: